Представление документа в формате MARC21

Поле Инд. ПП Название Значение
Тип записи a
Библиографический уровень m
001 _ Контрольный номер RU/URAIT/468350
005 _ Дата корректировки 20250915104113.3
008 Кодируемые данные 150123s2021 RU y f j 000 0 rus u
020 a ISBN 978-5-9916-5036-6
c Цена, тираж 939.00
040 a Служба первич. каталог. ИКО Юрайт
c Служба, преобразующая запись ИКО Юрайт
e Правила каталог. RCR
041 a Код языка текста rus
044 a Код страны публикации RU
080 a Индекс УДК 33(075.8)
084 2 Источник индекса rubbk
a Индекс другой классификации/Индекс ББК 65я73
100 1_ a Автор Борисов Евгений Филиппович
q Полное имя Евгений Филиппович
245 a Заглавие Экономика
b Продолж. заглавия Учебник и практикум
c Ответственность Борисов Е. Ф.
250 g пер. и доп
a Основные сведения об издании 7-е изд.
256 a Характеристики компьютерного файла Электрон. дан.
260 a Место издания Москва
b Издательство Юрайт
c Дата издания 2021
300 a Объем 383 с
440 a Серия Высшее образование
500 a Примечание URL: https://urait.ru/bcode/468350 (дата обращения: 23.11.2021).
520 a Аннотация В учебнике рассматриваются все основные хозяйственные формы экономики, освещаются главные черты и особенности различных секторов национального хозяйства, анализируются особенности инноваций экономического роста в XXI в., их связи с новейшим этапом НТР. Большое внимание уделяется отражению актуальных проблем совершенствования российской экономики на современном этапе. В книге использованы различные методы инновационного образования, в том числе в каждой главе даются интеллектуальные задачи. Теоретическое рассмотрение происходящих перемен органично дополнено практикумом по экономике. Благодаря большому преподавательскому опыту автора сложный теоретический материал изложен в доступной и интересной форме.
538 a Прим. о системных особенностях Режим доступа: Электронно-библиотечная система Юрайт, для авториз. пользователей
653 a Ключевые слова Экономика
653 a Ключевые слова Экономика и управление
653 a Ключевые слова Общая экономическая теория
653 a Ключевые слова Экономика
653 a Ключевые слова Основы экономики
653 a Ключевые слова Основы экономической теории
653 a Ключевые слова Экономика (Основы экономических теорий)
653 a Ключевые слова Экономическая теория
653 a Ключевые слова Введение в экономику
653 a Ключевые слова Введение в экономическую теорию
653 a Ключевые слова Теория экономических учений
856 40 u URL https://urait.ru/bcode/468350
x Примечание для ЭОР https://urait.ru/book/cover/6D42076F-DB83-4A9C-92E4-3A41BB1218FD
z Примечание для пользователя Участвует в КО
856 41 u URL https://urait.ru/book/cover/6D42076F-DB83-4A9C-92E4-3A41BB1218FD